000 00830nam a22002537a 4500
001 AUWbook033504
003 BDCtgAUW
005 20260429212009.0
008 260426b ja ||||| |||| 00| 0 jpn d
020 _a 9784872177114
040 _aBDCtgAUW
_cBDCtgAUW
_dBDCtgAUW
050 1 4 _aPL539
_b.M38 2009
100 1 _aMatsuda, Midori.
_eauthor
245 1 0 _aJapanese graded readers :
_b level 0, vol. 1, part 6 /
_cMidori Matsuda.
260 _aJapan :
_bAsk Publishing,
_c2009.
300 _a15 pages :
_bpictures;
_c22cm.
362 0 _a Level 0, vol. 1, part 6
490 1 _aJapanese graded readers.
500 _aJapanese language.
650 4 _aJapanese language Japanese language
_xConversation and phrase books.
_991691
830 0 _aJapanese graded readers.
_991690
887 _28
_aPapia Akter
942 _2lcc
_cBK
_n0
999 _c18688
_d18688
888 _28